Highlights of the findings of socio-economic research of BARD 1993-94 & 1994-95 : (Record no. 56440)
[ view plain ]
| 000 -LEADER | |
|---|---|
| fixed length control field | 00774nam a22002177a 4500 |
| 001 - CONTROL NUMBER | |
| control field | 56440 |
| 003 - CONTROL NUMBER IDENTIFIER | |
| rucl marc code | BD-RjUL |
| 005 - DATE AND TIME OF LATEST TRANSACTION | |
| control field | 20211209080409.0 |
| 008 - FIXED-LENGTH DATA ELEMENTS--GENERAL INFORMATION | |
| fixed length control field | 161129s1995 bg ||||| |||| 00| 0 eng d |
| 020 ## - INTERNATIONAL STANDARD BOOK NUMBER | |
| International Standard Book Number | 9845590722 |
| Terms of availability | : TK 80.00 |
| 035 ## - SYSTEM CONTROL NUMBER | |
| System control number | (BD-RjUL)56564 |
| 040 ## - CATALOGING SOURCE | |
| Original cataloging agency | BD-RjUL |
| Language of cataloging | eng |
| Transcribing agency | BD-RjUL |
| 041 ## - LANGUAGE CODE | |
| Language code of text/sound track or separate title | eng |
| 082 ## - DEWEY DECIMAL CLASSIFICATION NUMBER | |
| Edition number | 23 |
| Classification number | 361.1 |
| Author mark and year | HIG 1995 |
| 245 10 - TITLE STATEMENT | |
| Title | Highlights of the findings of socio-economic research of BARD 1993-94 & 1994-95 : |
| Remainder of title | proceeding of the workshop on the subject held at BARD, Comilla 4-5 October 1995 / |
| Statement of responsibility, etc. | Md. Habibullah ... [et al.] |
| 260 ## - PUBLICATION, DISTRIBUTION, ETC. (IMPRINT) | |
| Place of publication, distribution, etc. | Comilla : |
| Name of publisher, distributor, etc. | Bangladesh Academy for Rural Development, |
| Date of publication, distribution, etc. | 1995 |
| 300 ## - PHYSICAL DESCRIPTION | |
| Pagination | 99 p. ; |
| Size | 20 cm |
| 650 ## - SUBJECT ADDED ENTRY--TOPICAL TERM | |
| Topical term or geographic name as entry element | socio-economic problems |
| 9 (RLIN) | 167877 |
| 700 ## - ADDED ENTRY--PERSONAL NAME | |
| Personal name | Habibullah, Md. |
| 942 ## - ADDED ENTRY ELEMENTS (KOHA) | |
| Source of classification or shelving scheme | Dewey Decimal Classification |
| Koha item type | Books |
| Lost status | Source of classification or shelving scheme | Damaged status | Not for loan | Collection code | Permanent Location | Current Location | Shelving location | Date acquired | Source of acquisition | Cost, normal purchase price | Total Checkouts | Full call number | Date last seen | Copy number | Koha item type |
|---|---|---|---|---|---|---|---|---|---|---|---|---|---|---|---|
| Dewey Decimal Classification | Not For Loan | Non-fiction | Central Library, University of Rajshahi | Central Library, University of Rajshahi | Reading Room | 28/10/2007 | Bangladesh polli Unnoyon Academy, | 80.00 | 361.1 HIG 1995 | 29/11/2016 | C-1 | Books |